| 000 | 00617nam a2200205 a 4500 | ||
|---|---|---|---|
| 001 | 000016007 | ||
| 005 | 20200929164232.0 | ||
| 008 | 100223s2002 dr a 000 0 spa d | ||
| 040 | _aDO-SdBNP | ||
| 082 |
_a372.19 _bC578p |
||
| 245 | 0 | 0 |
_aCirculo infantil : _bProyecto curricular del centro. |
| 250 | _a2da. ed. | ||
| 260 |
_aSanto Domingo : _bBúho, _c2002. |
||
| 300 |
_a171 p. : _bil. ; _c24 cm. |
||
| 504 | _aIncluye referencias bibliográficas ( P. 129-130) | ||
| 650 | 4 |
_aCurriculo _935953 |
|
| 650 | 4 |
_aEducación _zRepública Dominicana _9737 |
|
| 600 | 0 | 4 |
_aCOLEGIO CIRCULO INFANTIL _935954 |
| 049 | _aBNPD | ||
| 999 |
_c15549 _d15549 |
||